| 000 | 00654nam a2200193 4500 | ||
|---|---|---|---|
| 005 | 20260331105508.0 | ||
| 008 | 171206b xxu||||| |||| 00| 0 eng d | ||
| 020 | _a9780026429566 | ||
| 082 |
_21997 _aDC 306.874 _bH54p |
||
| 100 |
_924343 _aHildebrand, Verna, author. |
||
| 245 |
_aParenting : _brewards and responsibilities / _cVerna Hildebrand |
||
| 260 |
_aNew York : _bGlencoe McGraw-Hill, _c©1994. |
||
| 300 |
_a608 pages : _bcolored illustration ; _c26 cm. |
||
| 500 | _aIncludes bibliographical references and index. | ||
| 650 | 0 |
_924344 _aParenting. |
|
| 650 | 0 |
_924345 _aChild care. |
|
| 650 | 0 |
_924346 _aChild development. |
|
| 942 |
_2ddc _cBK |
||
| 999 |
_c7931 _d7931 |
||